02282nam a22003497a 4500020001800000082001800018245011000036246002600146250001800172260003600190300005500226504005100281520072200332563000901054610006801063650005101131650003101182650004301213650003401256650004801290650003601338650003201374650002601406650003101432650003001463700004501493730003401538942001201572999001901584952016201603952016701765 a9781260570090 a617.0076bSCH00aSchwartz's Principles of Surgery /cedited by F. Charles Brunicardi, Dana K. Anderson [and seven others].3 aPrinciples of surgery a11th Edition. aNew York :bMcGraw-Hill,c2019. a2 volumes :c28 cm.billustrations (some color) ;  aIncludes bibliographical references and index. aBased on general surgery's cornerstone text, Schwartz's Principles of Surgery, this unmatched study guide provides everything you need to ace your exams, whether you're a medical student, a resident, or a practicing surgeon seeking recertification. Developed by some of the top minds in modern surgery, Schwartz's Principles of Surgery ABSITE and Board Review delivers the most current, authoritative perspectives on surgical practice. The board-style practice questions are accompanied by answers and comprehension-building rationales, ensuring a complete understanding of the material. Featuring hundreds of illustrations, photos, and tables, this is a resource for certification and recertification example review. aHBK.20aAmerican Board of Surgery vStudy guides.xExaminations9125815 0aSurgeryvExaminations, questions, etc.9125816 0aSurgery, Operative9113387 0aSurgical Procedures, Operative9125817 0aExamination Questions9125818 6aChirurgievExamens, questions, etc.9125819 6aChirurgie opératoire.9125820 7aExaminations 2fast9125821 7aSurgery2fast9113386 7aExaminations2fast9125822 7aStudy guides 2fast999711 aBrunicardi, F. Charles,eeditor.9125823 aPrinciples of surgery9125824 2ddccBK c595123d595123 00102ddc4070aNSHSbNSHSd2023-07-05eAllied Book Companyg9422.00hVol.1, Pages.1165o617.0076 SCHpNSHS-247r2023-07-05tvol.1v18844.00w2023-07-05yBK 00102ddc4070aNSHSbNSHSd2023-07-05eAllied Book Companyg9422.00hVol.2, Pages.1169-2195o617.0076 SCHpNSHS-248r2023-07-05tvol.2v18844.00w2023-07-05yBK